00525nam a22001697a 450000500170000001000150001702000260003203500140005803700100007208200110008224500510009325000060014426000420015027001370019230000200032976000060034920250718114822.0 aENG-146021 a9789392568695c975.00 aEN-129553 bDBAD  a95421 aSelf Reliant India/cEdited By Vipin Chand Rai a1 aChhattisgrahbAditi Publicationc2024 aAditi Publication Opp.New Panchajanya Vidya Mandir, Near Tiranga Chowk, Kushalpur,Raipur, Chhattisgrah,INDIAbRaipurk+91 9425210308 a393p.c21cm(pb) b1